Movies Quiz

Random Movies or Actor Quiz

Gone with the Wind actors by character Quiz Stats

Quiz not verified by Sporcle

Challenge
Share
Tweet
Embed
Score 0/13 Timer 04:00
0 Plays Today
Character Actor/Actress % Correct
Scarlett O'HaraVivien Leigh
96.5%
Rhett ButlerClark Gable
96.5%
Melanie Hamilton WilkesOlivia de Havilland
80.4%
Ashley WilkesLeslie Howard
73%
MammyHattie McDaniel
62.6%
Brent TarletonGeorge Reeves
47.4%
Gerald O'HaraThomas Mitchell
38.7%
Carreen O'HaraAnn Rutherford
37%
Suellen O'HaraEvelyn Keyes
36.1%
Ellen O'HaraBarbara O'Neil
27%
Aunt 'Pittypat' HamiltonLaura Hope Crews
25.7%
Charles HamiltonRand Brooks
20%
Stuart TarletonFred Crane
13.5%

You're not logged in!

Compare scores with friends on all Sporcle quizzes.
Sign Up with Email
OR
Log In

You Might Also Like...

Show Comments

Extras

Top Quizzes Today


Score Distribution

Your Account Isn't Verified!

In order to create a playlist on Sporcle, you need to verify the email address you used during registration. Go to your Sporcle Settings to finish the process.